Ingredients in Nutella - Statistics

General Stats
  • This quiz has been taken 162 times
  • The average score is 4 of 8
Answer Stats
Ingredients % Correct
Sugar
93%
Hazelnuts
87%
Cocoa
80%
Modified Palm Oil
67%
Skim Milk Powder
64%
Vanillin
25%
Soy/Sunflower Lecithen
17%
Whey Powder
5%
No matching quizzes found
Score Distribution
Percent of People with Each Score
Percentile by Number Answered
Your Score History
You have not taken this quiz